| 000 | 00353pab a2200145 454500 | ||
|---|---|---|---|
| 008 | 180718b2003 xxu||||| |||| 00| 0 eng d | ||
| 100 | _aDhanagare, D.N. | ||
| 245 | _aGlobalization: towards an alternative view | ||
| 260 | _c2003 | ||
| 300 | _ap.4-29. | ||
| 362 | _aMar | ||
| 650 | _aGlobalization | ||
| 773 | _aSociological Bulletin | ||
| 909 | _a57357 | ||
| 999 |
_c57357 _d57357 |
||